Elogios históricos de los santos, con los misterios de nuestro Señor Jesu-Christo, y festividades de la santísima virgen, para todo el año (Record no. 8575)

MARC details
000 -CABECERA
campo de control de longitud fija 01756nam a2200241 a 4500
001 - NÚMERO DE CONTROL
campo de control BRCA_8924
005 - FECHA Y HORA DE LA ÚLTIMA TRANSACCIÓN
campo de control 20190320210447.0
008 - DATOS DE LONGITUD FIJA--INFORMACIÓN GENERAL
campo de control de longitud fija 280617s1780----sp-#######---#000-0#spa-#
041 ## - CÓDIGO DE LENGUA
Código de lengua del texto/banda sonora o título independiente spa
044 ## - CÓDIGO DEL PAÍS DE LA ENTIDAD EDITORA/PRODUCTORA
Código MARC del país sp
084 ## - OTRO NÚMERO DE CLASIFICACIÓN
Número de clasificación LE9
Número de documento/Ítem .P47 1780
100 1# - ENTRADA PRINCIPAL--NOMBRE DE PERSONA
Nombre de persona Perez, Francisco Antonio
9 (RLIN) 22184
245 10 - MENCIÓN DE TÍTULO
Título Elogios históricos de los santos, con los misterios de nuestro Señor Jesu-Christo, y festividades de la santísima virgen, para todo el año
Mención de responsabilidad, etc. traducido del francés por D. Francisco Antonio Pérez, Presbítero ; Tomo IV.
260 ## - PUBLICACIÓN, DISTRIBUCIÓN, ETC.
Lugar de publicación, distribución, etc. Valencia
Nombre del editor, distribuidor, etc. en la Oficina de Joseph y Thomas de Orga
Fecha de publicación, distribución, etc. 1780
300 ## - DESCRIPCIÓN FÍSICA
Extensión 395 p.
Dimensiones 21.7 x 14.7 cm
500 ## - NOTA GENERAL
Nota general Con las licencias necesarias
500 ## - NOTA GENERAL
Nota general Estado físico: presenta encuadernación en pergamino con lomo semi desprendido
500 ## - NOTA GENERAL
Nota general Con marca de fuego: “Procedencia de la marca: Colegio de la Santa Cruz de Querétaro(1)(2). Institución: Congregación de Propaganda Fide Descripción: Monograma ´SATO´ que se desata como San Antonio. Le sigue la abreviatura: ´Q´ de Querétaro. Corona el monograma y la inicial la palabra ´posto´ que podría hacer referencia a ´Apostólico´. Observaciones: Esta marca no se localiza en los catálogos impresos anteriores. La primera imagen de la marca de fuego corresponde al libro modelo ya que está más clara y definida. Sin embargo, el testimonio de pertenencia y la segunda imagen de la marca de fuego, pertenece al segundo ejemplar. Ubicación de la marca en el libro: Canto superior y frontal.”
650 14 - PUNTO DE ACCESO ADICIONAL DE MATERIA--TÉRMINO DE MATERIA
Término de materia o nombre geográfico como elemento de entrada Santos
Subdivisión de forma Bibliografía
Subdivisión cronológica Obras anteriores a 1800
9 (RLIN) 22185
856 ## - LOCALIZACIÓN Y ACCESO ELECTRÓNICOS
Nombre del host http://www.marcasdefuego.buap.mx:8180/xmLibris/projects/firebrand/item.jsp?repository=marcas_de_fuego&key=422f0a15.xml&num=17
902 ## - CATALOGADOR
Iniciales CFM
942 ## - ELEMENTOS DE PUNTO DE ACCESO ADICIONAL (KOHA)
Fuente del sistema de clasificación o colocación Library of Congress Classification
Tipo de ítem Koha Libros
Holdings
Estado de retiro Estado de pérdida Estado dañado No para préstamo Localización permanente Ubicación/localización actual Fecha de adquisición Total de préstamos Signatura topográfica completa Código de barras Fecha visto por última vez Precio válido a partir de Tipo de ítem Koha
El ejemplar forma parte de la colección y puede ser consultado según las políticas vigentes.       Biblioteca del Museo Franz Mayer (Rogerio Casas-Alatriste) Biblioteca del Museo Franz Mayer (Rogerio Casas-Alatriste) 28/06/2017   LE9 .P47 1780 CFM00246 22/03/2019 22/03/2019 Libros